ბათუმის შოთა რუსთაველის სახელმწიფო უნივერსიტეტის ბიბლიოთეკა

ბრძოლისა და შრომის ვეტერანები (ბიბ.ჩანაწერი № 50028)

000 -LEADER
fixed length control field 00823nam a2200229Ia 4500
001 - CONTROL NUMBER
control field 16966
003 - CONTROL NUMBER IDENTIFIER
control field GE_BSU
008 - FIXED-LENGTH DATA ELEMENTS--GENERAL INFORMATION
fixed length control field 181216s||||||||xx |||||||||||||| ||und||
040 ## - CATALOGING SOURCE
Transcribing agency GE_BSU
080 ## - UNIVERSAL DECIMAL CLASSIFICATION NUMBER
Universal Decimal Classification number 355.48(47+57)"1941-1945"(092)(479.22)
100 ## - MAIN ENTRY--PERSONAL NAME
Personal name გურგენიძე, ამირან
245 ## - TITLE STATEMENT
Title ბრძოლისა და შრომის ვეტერანები
245 ## - TITLE STATEMENT
Statement of responsibility, etc. რედ. შ.ზოიძე
260 ## - PUBLICATION, DISTRIBUTION, ETC.
Place of publication, distribution, etc. ბათუმი
260 ## - PUBLICATION, DISTRIBUTION, ETC.
Name of publisher, distributor, etc. საბჭ. აჭარა
260 ## - PUBLICATION, DISTRIBUTION, ETC.
Date of publication, distribution, etc. 1973
300 ## - PHYSICAL DESCRIPTION
Extent 135გვ. ; 20სმ.
653 ## - INDEX TERM--UNCONTROLLED
Uncontrolled term ბრძოლისა და შრომის ვეტერანები.
653 ## - INDEX TERM--UNCONTROLLED
Uncontrolled term ისტორია
653 ## - INDEX TERM--UNCONTROLLED
Uncontrolled term ქართველები დიდ სამამულო ომში
942 ## - ADDED ENTRY ELEMENTS (KOHA)
Koha item type წიგნი
ეგზემპლარები
Withdrawn status Lost status Damaged status Not for loan Date acquired Barcode Date last seen Price effective from Koha item type
        2018-12-17 21723 2018-12-17 2018-12-17 წიგნი